<?xml version="1.0" encoding="UTF-8"?><?xml-stylesheet type="text/xsl" href="static/style.xsl"?><OAI-PMH xmlns="http://www.openarchives.org/OAI/2.0/" xmlns:xsi="http://www.w3.org/2001/XMLSchema-instance" xsi:schemaLocation="http://www.openarchives.org/OAI/2.0/ http://www.openarchives.org/OAI/2.0/OAI-PMH.xsd"><responseDate>2026-05-15T14:04:27Z</responseDate><request verb="GetRecord" identifier="oai:gredos.usal.es:10366/76561" metadataPrefix="marc">https://gredos.usal.es/oai/request</request><GetRecord><record><header><identifier>oai:gredos.usal.es:10366/76561</identifier><datestamp>2025-06-05T12:40:28Z</datestamp><setSpec>com_10366_4173</setSpec><setSpec>com_10366_4055</setSpec><setSpec>com_10366_3946</setSpec><setSpec>com_10366_3823</setSpec><setSpec>com_10366_4756</setSpec><setSpec>com_10366_4746</setSpec><setSpec>col_10366_4181</setSpec><setSpec>col_10366_68518</setSpec></header><metadata><record xmlns="http://www.loc.gov/MARC21/slim" xmlns:doc="http://www.lyncode.com/xoai" xmlns:xsi="http://www.w3.org/2001/XMLSchema-instance" xmlns:dcterms="http://purl.org/dc/terms/" xsi:schemaLocation="http://www.loc.gov/MARC21/slim http://www.loc.gov/standards/marcxml/schema/MARC21slim.xsd">
<leader>00925njm 22002777a 4500</leader>
<datafield tag="042" ind1=" " ind2=" ">
<subfield code="a">dc</subfield>
</datafield>
<datafield tag="720" ind1=" " ind2=" ">
<subfield code="a">Sánchez Zamorano, Laura</subfield>
<subfield code="e">author</subfield>
</datafield>
<datafield tag="260" ind1=" " ind2=" ">
<subfield code="c">2010</subfield>
</datafield>
<datafield tag="520" ind1=" " ind2=" ">
<subfield code="a">[ES] Esta tesis se plantea definir una enzima con unas características mucho mejores que las de la peroxidasa de rábano picante, capaz de sustituirla en la mayor parte de sus aplicaciones biotecnológicas. Una enzima más estable permitiría realizar los procesos más eficazmente y en mejores condiciones de pH y temperatura, lo que sería rentable y, además, beneficioso para el Medio Ambiente.</subfield>
</datafield>
<datafield tag="520" ind1=" " ind2=" ">
<subfield code="a">[EN] This thesis to define an enzyme with characteristics far superior to those of horseradish peroxidase, capable of replacing the bulk of their biotechnological applications. A more stable enzyme would allow for more efficient processes and better conditions of pH and temperature, which would be profitable and also benefit the environment.</subfield>
</datafield>
<datafield tag="024" ind2=" " ind1="8">
<subfield code="a">http://hdl.handle.net/10366/76561</subfield>
</datafield>
<datafield tag="024" ind2=" " ind1="8">
<subfield code="a">10.14201/gredos.76561</subfield>
</datafield>
<datafield ind1=" " ind2=" " tag="653">
<subfield code="a">Tesis y disertaciones académicas</subfield>
</datafield>
<datafield ind1=" " ind2=" " tag="653">
<subfield code="a">Universidad de Salamanca (España)</subfield>
</datafield>
<datafield ind1=" " ind2=" " tag="653">
<subfield code="a">Academic dissertations</subfield>
</datafield>
<datafield ind1=" " ind2=" " tag="653">
<subfield code="a">Enzimas</subfield>
</datafield>
<datafield ind1=" " ind2=" " tag="653">
<subfield code="a">Enzymes</subfield>
</datafield>
<datafield ind1=" " ind2=" " tag="653">
<subfield code="a">Rábanos</subfield>
</datafield>
<datafield ind1=" " ind2=" " tag="653">
<subfield code="a">Radishes</subfield>
</datafield>
<datafield ind1=" " ind2=" " tag="653">
<subfield code="a">Biotecnología</subfield>
</datafield>
<datafield ind1=" " ind2=" " tag="653">
<subfield code="a">Biotechnology</subfield>
</datafield>
<datafield ind1=" " ind2=" " tag="653">
<subfield code="a">Medio ambiente</subfield>
</datafield>
<datafield ind1=" " ind2=" " tag="653">
<subfield code="a">Palma Real</subfield>
</datafield>
<datafield ind1=" " ind2=" " tag="653">
<subfield code="a">Roystonea regia</subfield>
</datafield>
<datafield tag="245" ind1="0" ind2="0">
<subfield code="a">Caracterización químico-física de la peroxidasa de Palma Real (Roystonea regia), una enzima con elevada estabilidad</subfield>
</datafield>
</record></metadata></record></GetRecord></OAI-PMH>